000 00354pab a2200145 454500
008 180718b2005 xxu||||| |||| 00| 0 eng d
100 _aPanda, Bijaya Kumar
245 _aOwnership and diffusion of household durables
260 _c2005
300 _ap.432-42.
362 _aJul-Dec
650 _aHouseholds
773 _aProductivity
909 _a71383
999 _c71383
_d71383